000 00958nam a22002537a 4500
001 BR8800029
003 BR-BrBNA
005 20230928092809.0
007 ta
008 230509b bl.||||| |||| 00| 0 por d
040 _aBR-BrBNA
_bpor
_cBiblioteca Nacional de Agricultura
041 _a(Por)
072 _aP31
_b/G514
090 _ P31 BR8800029
110 1 _aSecretaria do Planejamento, Ciencia e Tecnologia, Salvador, BA (Brasil). Centro de Estatistica e Informacoes
_99094
245 1 _aZoneamento de potencialidade do uso das terras; bacia superior do Rio de Contas-Bahia [zoneamento, Bahia, Brasil]
260 3 _aSalvador, BA (Brasil):
_c1985.
300 _a92 p.
500 _a14 illus.; 35 tables; 23 Maps (scale 1:100.000). (*) Documento disponível na(o) Secretaria do Planejamento, Ciencia e Tecnologia, Salvador, BA (Brazil)
650 _aZONEAMENTO AGRICOLA
650 _aBAHIA
909 _a202309
_bLucia
_c55
_dLucia Elande
942 _cBK
999 _c41250
_d41250